[Event "Challenge"]
[Site "http://www.queenalice.com/game.php?id=290895"]
[Date "2007.10.22"]
[Round "-"]
[White "theblackfox"]
[Black "Nilcimar"]
[Result "1/2-1/2"]
[WhiteElo "1512"]
[BlackElo "1748"]

1. e4 c5 2. d4 cxd4 3. Qxd4 Nc6 4. Qc4 Nf6 5. Nc3 e6 6. Bg5 Be7 7. Bd3 Ne5 8.
Qd4 Nxd3+ 9. Qxd3 Qb6 10. Nf3 Ng4 11. Be3 Nxe3 12. fxe3 Qxb2 13. Kd2 Bb4 14.
Rhb1 Bxc3+ 15. Qxc3 Qxc3+ 16. Kxc3 b6 17. a4 Bb7 18. Kd4 Rc8 19. c4 Ba6 20. Rc1
O-O 21. Ne5 d6 22. Nd3 Rfd8 23. h4 e5+ 24. Kc3 Rxc4+ 25. Kd2 Rxe4 26. Nf2 Rxh4
27. Rc7 Rh2 28. Rxa7 Rxg2 29. Rxa6 Rxf2+ 30. Ke1 Rb2 31. Kd1 Rc8 32. e4 h6 33.
a5 bxa5 34. R1xa5 Rcc2 35. Rxd6 Rh2 36. Kc1 Rbc2+ 37. Kd1 Rcg2 38. Kc1 Rh1+ 39.
Rd1 Rxd1+ 40. Kxd1 f6 41. Ke1 Kf7 42. Kf1 Rg4 43. Ra7+ Kg6 44. Kf2 h5 45. Kf3
Rg5 46. Ra1 h4 47. Rh1 Kh5 48. Rh3 Rg3+ 49. Rxg3 hxg3 50. Kxg3 Kg5 51. Kf3 Kh4
52. Ke3 Kg3 53. Ke2 g5 54. Ke3 Kg2 55. Ke2 g4 56. Ke3 Kf1 57. Kd2 g3 58. Ke3 g2
59. Kf3 g1=Q 1/2-1/2

[Event "Challenge"]
[Site "http://www.queenalice.com/game.php?id=290896"]
[Date "2007.10.22"]
[Round "-"]
[White "Nilcimar"]
[Black "theblackfox"]
[Result "1-0"]
[WhiteElo "1737"]
[BlackElo "1602"]

1. c4 e5 2. Nc3 Nf6 3. g3 Nc6 4. Bg2 Bc5 5. e3 O-O 6. Nge2 d6 7. f4 exf4 8. Nxf4
Ne5 9. d4 Bb4 10. dxe5 Bg4 11. Qb3 Bxc3+ 12. Qxc3 dxe5 13. Qxe5 Nd7 14. Qd4 c5
15. Qe4 Qa5+ 16. Bd2 Qb6 17. b3 Rae8 18. Qxb7 Qf6 19. O-O Ne5 20. Qxa7 Qd6 21.
Nd5 h5 22. Bc3 Nd3 23. Bf3 Bh3 24. Rfd1 Ne5 25. Bxh5 Ng4 26. Bxg4 Bxg4 27. Rf1
Be2 28. Rf2 Bg4 29. Rd2 g6 30. Nf6+ Qxf6 31. Bxf6 Rxe3 32. Rd8 Bf3 33. Rxf8+
Kxf8 34. Qxc5+ Re7 35. Qxe7+ Kg8 36. Qe8+ Kh7 37. Qh8# 1-0

[Event "Challenge"]
[Site "http://www.queenalice.com/game.php?id=291415"]
[Date "2007.10.23"]
[Round "-"]
[White "Nilcimar"]
[Black "guitarsoldier"]
[Result "1-0"]
[WhiteElo "1763"]
[BlackElo "1100"]

1. c4 e6 2. Nc3 d5 3. cxd5 exd5 4. g3 Nf6 5. Bg2 Be7 6. Qb3 c6 7. e3 Qc7 8. Nge2
Be6 9. d4 Nbd7 10. Nf4 O-O 11. O-O Rfe8 12. Bd2 Nb6 13. Rac1 a6 14. Nfxd5 Nbxd5
15. Nxd5 Bxd5 16. Bxd5 Qd7 17. Bxf7+ 1-0

[Event "AUTO-ADV-693"]
[Site "http://www.queenalice.com/game.php?id=294766"]
[Date "2007.10.29"]
[Round "1"]
[White "ccarre"]
[Black "Nilcimar"]
[Result "1-0"]
[WhiteElo "1988"]
[BlackElo "1742"]

1. c4 Nf6 2. Nc3 e6 3. e4 b6 4. e5 Ng8 5. d4 Bb7 6. Nf3 Bb4 7. Bd3 d5 8. O-O Ne7
9. Bg5 c5 10. cxd5 Bxd5 11. Nxd5 exd5 12. a3 c4 13. Qa4+ Nd7 14. Bxc4 dxc4 15.
Qxb4 Rc8 16. Rac1 a5 17. Qxe7+ Qxe7 18. Bxe7 Kxe7 19. Rfe1 Rhd8 20. d5 Nc5 21.
d6+ Ke6 22. Ng5+ 1-0

[Event "AUTO-ADV-693"]
[Site "http://www.queenalice.com/game.php?id=294767"]
[Date "2007.10.29"]
[Round "1"]
[White "Nilcimar"]
[Black "ccarre"]
[Result "0-1"]
[WhiteElo "1732"]
[BlackElo "1985"]

1. c4 Nf6 2. Nc3 c5 3. g3 Nc6 4. Bg2 e6 5. e3 b6 6. Nge2 Bb7 7. O-O Be7 8. Nf4
O-O 9. a3 a6 10. Qc2 Qc7 11. Rb1 Ne5 12. Ne4 Nxe4 13. Bxe4 Nf3+ 14. Kg2 Ne5 15.
b4 f5 16. Bxb7 Qxb7+ 17. f3 g5 18. Bb2 Nxf3 19. Kf2 gxf4 20. exf4 Nd4 21. Bxd4
cxd4 22. Qd3 Qe4 23. Rb3 Qxd3 24. Rxd3 a5 25. Rxd4 axb4 26. axb4 Bxb4 27. Rxd7
Rf7 28. Rd3 Ra2 29. Ke2 Rc7 30. Rc1 b5 31. Rb1 Rxc4 32. Rbb3 Re4+ 33. Kd1 Ra5
34. Rd8+ Kf7 35. Rb8 Ra1+ 36. Kc2 Ra2+ 37. Rb2 Rxb2+ 38. Kxb2 Bxd2 39. Kc2 Bb4
0-1

[Event "AUTO-ADV-693"]
[Site "http://www.queenalice.com/game.php?id=294782"]
[Date "2007.10.29"]
[Round "1"]
[White "Nilcimar"]
[Black "Guilherme_Ottoni"]
[Result "0-1"]
[WhiteElo "1775"]
[BlackElo "1869"]

1. c4 Nf6 2. Nc3 e6 3. g3 Bb4 4. Bg2 O-O 5. e3 c6 6. Nge2 d5 7. cxd5 exd5 8. O-O
Nbd7 9. d4 Nb6 10. Nf4 Re8 11. a3 Bd6 12. Nd3 Qc7 13. b4 Nc4 14. Nf4 Bf5 15. Nb1
Ne4 16. Nd2 Nexd2 17. Bxd2 b6 18. Rc1 Nxa3 19. Nxd5 Qd7 20. Nxb6 axb6 21. Bxc6
Qe6 22. Bxe8 Qxe8 23. Ra1 Bh3 24. Qf3 Bxf1 25. Kxf1 Ra7 26. Qd5 Bf8 27. Qb3 Nb5
28. Rc1 Qa8 29. Qc4 Nd6 30. Qb3 Qh1+ 31. Ke2 Qxh2 32. Qd5 Qh3 33. Qc6 Qh5+ 34.
Ke1 Qb5 35. Qc2 g6 36. e4 Nb7 37. Qc8 Kg7 0-1

[Event "AUTO-ADV-693"]
[Site "http://www.queenalice.com/game.php?id=294783"]
[Date "2007.10.29"]
[Round "1"]
[White "Guilherme_Ottoni"]
[Black "Nilcimar"]
[Result "1-0"]
[WhiteElo "1856"]
[BlackElo "1788"]

1. d4 Nf6 2. c4 e6 3. Nc3 c5 4. d5 exd5 5. cxd5 d6 6. Nf3 Nbd7 7. e4 g6 8. g3
Bg7 9. Bg2 Qe7 10. Qc2 O-O 11. O-O Re8 12. Re1 a6 13. a4 b6 14. Bg5 Bb7 15. Rad1
Ne5 16. Nxe5 Qxe5 17. f4 Qe7 18. e5 Qd8 19. exf6 Rxe1+ 20. Rxe1 Bxf6 21. Bxf6
Qxf6 22. Qe4 Kf8 23. Kf2 b5 24. Re2 g5 25. f5 b4 26. Nd1 Bc8 27. g4 Bd7 28. b3
Re8 29. Qd3 Rxe2+ 30. Qxe2 Qd4+ 31. Ne3 Qf4+ 32. Kg1 Qd4 33. Bf1 Qc3 34. Qd3 Qe1
35. Ng2 Qe5 36. h3 a5 37. Qf3 1-0

[Event "AUTO-ADV-693"]
[Site "http://www.queenalice.com/game.php?id=294784"]
[Date "2007.10.29"]
[Round "1"]
[White "Nilcimar"]
[Black "lesangesleader"]
[Result "1-0"]
[WhiteElo "1778"]
[BlackElo "1629"]

1. c4 e6 2. Nc3 Nf6 3. g3 d5 4. cxd5 exd5 5. Bg2 c6 6. e3 Be7 7. Nge2 O-O 8. O-O
Be6 9. Nf4 Bd7 10. Qb3 Qc7 11. Qc2 Na6 12. a3 Bd6 13. b4 b5 14. Bb2 Rfe8 15.
Rac1 Qd8 16. Nce2 Rc8 17. Bd4 Be5 18. Bxa7 Qc7 19. Bd4 Bxd4 20. Nxd4 Kh8 21. a4
Nxb4 22. Qc5 g5 23. Qxb4 Qa7 24. axb5 gxf4 25. bxc6 Be6 26. Qb7 Qxb7 27. cxb7
Rb8 28. Rc7 Kg8 29. Nc6 Bc8 30. Ne7+ 1-0

[Event "AUTO-ADV-693"]
[Site "http://www.queenalice.com/game.php?id=294785"]
[Date "2007.10.29"]
[Round "1"]
[White "lesangesleader"]
[Black "Nilcimar"]
[Result "0-1"]
[WhiteElo "1691"]
[BlackElo "1765"]

1. Nf3 c5 2. c4 Nc6 3. Nc3 e6 4. e4 a6 5. d3 Qc7 6. a3 Nf6 7. Be2 Bd6 8. Be3 b6
9. O-O Ng4 10. g3 Nxe3 11. fxe3 h5 12. e5 Nxe5 13. Nxe5 Bxe5 14. Bf3 Bb7 15.
Bxb7 Qxb7 16. Qf3 Qb8 17. Qxf7+ Kd8 18. Rad1 h4 19. Qxg7 Bxg7 0-1

[Event "AUTO-INT-586"]
[Site "http://www.queenalice.com/game.php?id=312205"]
[Date "2007.11.29"]
[Round "2"]
[White "Nilcimar"]
[Black "Tessaro"]
[Result "0-1"]
[WhiteElo "1752"]
[BlackElo "1894"]

1. c4 c6 2. Nc3 d5 3. cxd5 cxd5 4. g3 Nf6 5. Bg2 e6 6. e3 Nc6 7. Nge2 Bb4 8. O-O
O-O 9. Nf4 b6 10. a3 Bxc3 0-1

[Event "AUTO-INT-612"]
[Site "http://www.queenalice.com/game.php?id=313463"]
[Date "2007.12.1"]
[Round "2"]
[White "Nilcimar"]
[Black "fera77"]
[Result "0-1"]
[WhiteElo "1726"]
[BlackElo "1791"]

1. c4 e5 2. Nc3 f5 3. g3 Nf6 4. Bg2 Bc5 5. e3 O-O 6. Nge2 e4 7. d4 Bb4 8. a3 Be7
9. O-O d5 10. c5 Be6 11. Nf4 Bf7 12. Qb3 Nc6 13. Qxb7 Na5 14. Qb5 c6 15. Qa4 g5
16. Nfe2 Bh5 0-1

[Event "AUTO-INT-612"]
[Site "http://www.queenalice.com/game.php?id=313464"]
[Date "2007.12.1"]
[Round "2"]
[White "fera77"]
[Black "Nilcimar"]
[Result "1-0"]
[WhiteElo "1804"]
[BlackElo "1713"]

1. e4 c5 2. Nf3 Nc6 3. Bc4 e6 4. O-O Bd6 5. Nc3 a6 6. d4 Qc7 7. Be3 b5 8. dxc5
Ne5 9. cxd6 Nxf3+ 10. Qxf3 Qxc4 11. Qg3 g6 12. Qg5 Bb7 13. e5 h6 14. Qg3 Qc6 15.
f3 O-O-O 16. Qf2 1-0

[Event "AUTO-INT-612"]
[Site "http://www.queenalice.com/game.php?id=313465"]
[Date "2007.12.1"]
[Round "2"]
[White "Nilcimar"]
[Black "jfox"]
[Result "0-1"]
[WhiteElo "1682"]
[BlackElo "1648"]

1. c4 c5 2. Nc3 Nc6 3. g3 e6 4. Bg2 Nf6 5. e3 Bd6 6. Nge2 h6 7. O-O Ne5 8. b3
Nd3 9. Nb5 Be5 10. Rb1 a6 0-1

[Event "AUTO-INT-612"]
[Site "http://www.queenalice.com/game.php?id=313466"]
[Date "2007.12.1"]
[Round "2"]
[White "jfox"]
[Black "Nilcimar"]
[Result "1-0"]
[WhiteElo "1629"]
[BlackElo "1701"]

1. e4 c5 2. Bc4 Nc6 3. Nf3 e6 4. e5 Qc7 5. O-O Nxe5 6. Nxe5 Qxe5 7. Re1 Qf4 8.
d3 Qh4 9. Re4 Qd8 10. Re1 Nf6 11. Bg5 1-0